|
|
|
|
| LEADER |
00000nam0a2200000 4500 |
| 001 |
182568 |
| 005 |
20231031171333.0 |
| 035 |
|
|
|a (RuTPU)RU\TPU\book\197912
|
| 035 |
|
|
|a RU\TPU\book\170953
|
| 090 |
|
|
|a 182568
|
| 100 |
|
|
|a 20100623d1971 m y0rusy5003 ca
|
| 101 |
1 |
|
|a rus
|c ger
|c lat
|
| 102 |
|
|
|a RU
|
| 105 |
|
|
|a a z 001ay
|
| 200 |
1 |
|
|a Корабль дураков
|e избранные сатиры
|e пер. с нем.
|f С. Брант
|g авт. предисл. Б. Пуришев ; авторы примечаний Е. Маркович , Л. Пинский , С. Маркиш , М. Цетлин
|
| 210 |
|
|
|a Москва
|c Художественная литература
|d 1971
|
| 215 |
|
|
|a 479 с.
|c ил.
|d 20 см
|
| 225 |
1 |
|
|a Библиотека всемирной литературы
|v Т. 33
|
| 225 |
1 |
|
|a Серия первая. Литература Древнего Востока, Античного мира, Средних веков, Возрождения, XVII и XVIII вв.
|
| 320 |
|
|
|a Примечания: с. 683-765
|
| 423 |
|
|
|t Похвала глупости. Навозник гонится за орлом. Разговоры запросто
|f Эразм Роттердамский, Дезидерий
|
| 423 |
|
|
|t Письма темных людей
|
| 423 |
|
|
|t Диалоги
|f У. Гуттен
|a Гуттен, Ульрих фон
|
| 610 |
1 |
|
|a немецкая литература
|
| 610 |
1 |
|
|a стихотворения
|
| 610 |
1 |
|
|a поэмы
|
| 610 |
1 |
|
|a 15 век
|
| 610 |
1 |
|
|a 16 век
|
| 675 |
|
|
|a 83
|z rus
|
| 700 |
|
1 |
|a Брант
|b С.
|g Себастиан
|4 070
|
| 702 |
|
1 |
|a Пуришев
|b Б.
|4 080
|
| 702 |
|
1 |
|a Маркович
|b Е.
|4 210
|
| 702 |
|
1 |
|a Пинский
|b Л.
|4 210
|
| 702 |
|
1 |
|a Маркиш
|b С.
|4 210
|
| 702 |
|
1 |
|a Цетлин
|b М.
|4 210
|
| 801 |
|
0 |
|a RU
|b RuMRKP
|c 19950417
|g psbo
|
| 801 |
|
1 |
|a RU
|b 63413507
|c 20090410
|g PSBO
|
| 801 |
|
2 |
|a RU
|b 63413507
|c 20100623
|g PSBO
|
| 942 |
|
|
|c BK
|